| 000 | 00601nam a2200181Ia 4500 | ||
|---|---|---|---|
| 008 | 151018s9999 xx 000 0 und d | ||
| 082 |
_bRBASDV15443 _a920 |
||
| 100 | _aबाळ सामंत | ||
| 245 | _aमुलखावेगळी माणस | ||
| 250 | _b1 | ||
| 260 |
_bश्रीविद्या प्रकाशन पुणे _c1981 |
||
| 300 | _a297 | ||
| 600 | _aबाळ सामंत | ||
| 630 | _aमुलखावेगळी माणस | ||
| 700 | _aबाळ सामंत | ||
| 730 | _aमुलखावेगळी माणस | ||
| 942 | _cBOOK | ||
| 999 |
_c1016170 _d1016167 |
||